Programming principles and practice using C++ VOL-II (Record no. 566555)
[ view plain ]
| 000 -LEADER | |
|---|---|
| fixed length control field | 00820cam a2200241 i 4500 |
| 001 - CONTROL NUMBER | |
| control field | 18074839 |
| 003 - CONTROL NUMBER IDENTIFIER | |
| control field | CEME |
| 005 - DATE AND TIME OF LATEST TRANSACTION | |
| control field | 20210628201608.0 |
| 008 - FIXED-LENGTH DATA ELEMENTS--GENERAL INFORMATION | |
| fixed length control field | 140320s2014 njua b 001 0 eng |
| 010 ## - LIBRARY OF CONGRESS CONTROL NUMBER | |
| LC control number | 2014004197 |
| 020 ## - INTERNATIONAL STANDARD BOOK NUMBER | |
| International Standard Book Number | 9780321992789 (pbk. : alk. paper) |
| 040 ## - CATALOGING SOURCE | |
| Original cataloging agency | DLC |
| Language of cataloging | eng |
| Transcribing agency | DLC |
| Description conventions | rda |
| Modifying agency | DLC |
| 042 ## - AUTHENTICATION CODE | |
| Authentication code | pcc |
| 050 00 - LIBRARY OF CONGRESS CALL NUMBER | |
| Classification number | QA76.73.C153 |
| Item number | S82 2014 |
| 082 00 - DEWEY DECIMAL CLASSIFICATION NUMBER | |
| Classification number | 005.13/3 |
| Edition number | 23 |
| 100 1# - MAIN ENTRY--PERSONAL NAME | |
| Personal name | Stroustrup, Bjarne, |
| Relator term | author. |
| 9 (RLIN) | 55979 |
| 245 10 - TITLE STATEMENT | |
| Title | Programming principles and practice using C++ VOL-II |
| Remainder of title | principles and practice using C++ / |
| Statement of responsibility, etc. | Bjarne Stroustrup. |
| 250 ## - EDITION STATEMENT | |
| Edition statement | 2ND VOL-II |
| 300 ## - PHYSICAL DESCRIPTION | |
| Extent | xxxi, 1274 pages : |
| Other physical details | illustrations (some color) ; |
| Dimensions | 24 cm |
| 504 ## - BIBLIOGRAPHY, ETC. NOTE | |
| Bibliography, etc. note | Includes bibliographical references (pages 1223-1225) and index. |
| 650 #0 - SUBJECT ADDED ENTRY--TOPICAL TERM | |
| Topical term or geographic name entry element | C++ (Computer program language) |
| 9 (RLIN) | 1810 |
| 942 ## - ADDED ENTRY ELEMENTS (KOHA) | |
| Source of classification or shelving scheme | |
| Koha item type | Book |
| Withdrawn status | Lost status | Source of classification or shelving scheme | Damaged status | Not for loan | Permanent Location | Current Location | Shelving location | Date acquired | Total Checkouts | Full call number | Barcode | Date last seen | Price effective from | Koha item type |
|---|---|---|---|---|---|---|---|---|---|---|---|---|---|---|
| College of Electrical & Mechanical Engineering (CEME) | College of Electrical & Mechanical Engineering (CEME) | General Stacks | 03/13/2017 | 005.133 STR | CEME-47672 | 06/28/2021 | 06/28/2021 | Book | ||||||
| College of Electrical & Mechanical Engineering (CEME) | College of Electrical & Mechanical Engineering (CEME) | General Stacks | 03/13/2017 | 005.133 STR | CEME-47673 | 06/28/2021 | 06/28/2021 | Book | ||||||
| College of Electrical & Mechanical Engineering (CEME) | College of Electrical & Mechanical Engineering (CEME) | General Stacks | 03/13/2017 | 005.133 STR | CEME-47674 | 06/28/2021 | 06/28/2021 | Book | ||||||
| College of Electrical & Mechanical Engineering (CEME) | College of Electrical & Mechanical Engineering (CEME) | General Stacks | 03/13/2017 | 005.133 STR | CEME-47675 | 06/28/2021 | 06/28/2021 | Book |
